تحميل...
Theranheduttha kavithakal /
| المؤلف الرئيسي: | |
|---|---|
| التنسيق: | Printed Book |
| اللغة: | Malayalam |
| منشور في: |
Thrissur,
Current books,
1999.
|
| الموضوعات: |
| LEADER | 00555nam a2200157Ia 4500 | ||
|---|---|---|---|
| 008 | 150624b xxu||||| |||| 00| p mal d | ||
| 999 | |c 83890 |d 83890 | ||
| 082 | |a 851.57A1 | ||
| 100 | |a Achuthanunni, Chaathanath | ||
| 245 | |c Chaathanath Achuthanunni |a Theranheduttha kavithakal / | ||
| 260 | |c 1999. |a Thrissur, |b Current books, | ||
| 300 | |a 181p. |c 21 cm. | ||
| 546 | |a In Malayalam. | ||
| 650 | |v Malayalam poetry | ||
| 942 | |c BK | ||
| 952 | |0 0 |1 0 |4 0 |6 851_000000000000000_57A1_THE_M |7 0 |9 83834 |a UL |b UL |c ST1 |d 1999-10-14 |e CB |l 0 |o 851.57A1 THE M |p 72583 |r 2012-10-27 |v 80.00 |y BK | ||